[Event "9eme Open International de La Fere"]
[Site "La Fere (FRA)"]
[Date "2010.07.08"]
[Round "7.28"]
[White "Lorente, Philippe"]
[Black "Vandervorst, Marc"]
[Result "1/2-1/2"]
[WhiteElo "1632"]
[BlackElo "1865"]
[PlyCount "67"]
[EventDate "2010.07.08"]

1. d4 g6 2. Nf3 Bg7 3. Bf4 Nf6 4. Nbd2 O-O 5. h4 c5 6. e3 cxd4 7. exd4 d6 8.
Bd3 Qb6 9. Nb3 e5 10. dxe5 dxe5 11. Be3 Qc7 12. Nfd2 Rd8 13. Qe2 Nc6 14. c3 Re8
15. f3 Be6 16. O-O-O Nb4 17. Bb1 Rac8 18. f4 Nfd5 19. Ne4 Nxe3 20. Qxe3 Bxb3
21. axb3 Qa5 22. Nd6 Nd5 23. Qd2 Nxc3 24. bxc3 Rxc3+ 25. Kb2 Qb4 26. Qxc3 e4
27. Qxg7+ Kxg7 28. Nxe8+ Kf8 29. Nf6 e3 30. Rhe1 Qxf4 31. Rd8+ Kg7 32. g4 Qe5+
33. Kc1 Qc7+ 34. Bc2 1/2-1/2

[Event "9eme Open International de La Fere"]
[Site "La Fere (FRA)"]
[Date "2010.07.08"]
[Round "7.29"]
[White "Daniel, Antoine"]
[Black "Descamps, Serge"]
[Result "1-0"]
[WhiteElo "1863"]
[BlackElo "1587"]
[PlyCount "49"]
[EventDate "2010.07.08"]

1. e4 c6 2. d4 d5 3. Nc3 dxe4 4. Nxe4 Bf5 5. Ng3 Bg6 6. N1e2 h6 7. Nf4 Bh7 8.
Bd3 Bxd3 9. Qxd3 e6 10. O-O Bd6 11. c4 Qc7 12. Qf3 Nd7 13. Ne4 Bxf4 14. Bxf4 e5
15. dxe5 Nxe5 16. Qc3 f6 17. Rad1 Rd8 18. Rxd8+ Kxd8 19. Rd1+ Kc8 20. Nd6+ Kb8
21. Bxe5 fxe5 22. Ne8 Qc8 23. Qxe5+ Ka8 24. Rd8 Qxd8 25. Nc7+ 1-0

[Event "9eme Open International de La Fere"]
[Site "La Fere (FRA)"]
[Date "2010.07.08"]
[Round "7.30"]
[White "Fauchart, Francois"]
[Black "Jimenez, Martin"]
[Result "0-1"]
[WhiteElo "1608"]
[BlackElo "1849"]
[PlyCount "122"]
[EventDate "2010.07.08"]

1. d4 d5 2. Nf3 Nf6 3. Bf4 e6 4. Nbd2 Nbd7 5. e3 b6 6. c3 Bb7 7. Be2 Nh5 8. Bg3
Nxg3 9. hxg3 Bd6 10. Bd3 h6 11. Qc2 f5 12. O-O-O c5 13. g4 c4 14. Be2 Qf6 15.
g5 Qf7 16. g4 O-O-O 17. gxf5 exf5 18. Nh4 g6 19. f4 hxg5 20. fxg5 Bg3 21. Nhf3
Bf2 22. Rxh8 Rxh8 23. Nf1 Re8 24. Qd2 Qe6 25. b3 Bxe3 26. Nxe3 Qxe3 27. Qxe3
Rxe3 28. Kd2 Re8 29. Nh4 cxb3 30. axb3 Rg8 31. Ra1 a5 32. Bb5 Nf8 33. Re1 Nh7
34. Nf3 Rg7 35. b4 axb4 36. cxb4 Kc7 37. Ra1 Re7 38. Rc1+ Kd6 39. Bd3 Nf8 40.
b5 Ne6 41. Re1 Rh7 42. Re2 Rh3 43. Rf2 Rg3 44. Ne5 Nxg5 45. Rh2 Ne4+ 46. Ke2
Bc8 47. Rh6 f4 48. Rxg6+ Rxg6 49. Nxg6 Bg4+ 50. Kf1 f3 51. Ne5 Bh3+ 52. Kg1 f2+
53. Kh2 f1=Q 54. Bxf1 Bxf1 55. Nf7+ Ke7 56. Nh6 Bxb5 57. Nf5+ Ke6 58. Ng7+ Kf7
59. Nh5 Bc4 60. Nf4 b5 61. Ng2 b4 0-1

[Event "9eme Open International de La Fere"]
[Site "La Fere (FRA)"]
[Date "2010.07.08"]
[Round "7.31"]
[White "Caloone, Thomas"]
[Black "Azzouz, Belkhelfa"]
[Result "0-1"]
[WhiteElo "1599"]
[BlackElo "1841"]
[PlyCount "54"]
[EventDate "2010.07.08"]

1. e4 e5 2. Nf3 Nc6 3. Bc4 Bc5 4. O-O d6 5. d3 Nf6 6. h3 Na5 7. Bb3 Nxb3 8.
axb3 O-O 9. Bg5 h6 10. Bh4 a6 11. Nc3 c6 12. Ne2 g5 13. Bg3 Be6 14. d4 exd4 15.
Nexd4 Nxe4 16. Nxe6 fxe6 17. Bh2 Qf6 18. c3 Rad8 19. Ra4 Qf5 20. Qe2 d5 21. Nd4
Qg6 22. Qg4 Rde8 23. h4 h5 24. Qh3 e5 25. Qe3 g4 26. Nc2 g3 27. Bxg3 Qxg3 0-1

[Event "9eme Open International de La Fere"]
[Site "La Fere (FRA)"]
[Date "2010.07.08"]
[Round "7.32"]
[White "Blondel, Francis"]
[Black "Nicolas, Christian"]
[Result "0-1"]
[WhiteElo "1576"]
[BlackElo "1830"]
[PlyCount "104"]
[EventDate "2010.07.08"]

1. d4 Nf6 2. c4 c5 3. Nf3 g6 4. Nc3 Bg7 5. g3 O-O 6. Bg2 d6 7. O-O cxd4 8. Nxd4
Nbd7 9. Nb3 Rb8 10. Be3 a6 11. Rb1 Qc7 12. Nd5 Qd8 13. Qd2 b6 14. Rfd1 Nc5 15.
Nd4 Bb7 16. Nc6 Bxc6 17. Nxf6+ Bxf6 18. Bxc6 Qc7 19. Bg2 Rfd8 20. Bg5 Nd7 21.
Bxf6 Nxf6 22. Qf4 b5 23. cxb5 Rxb5 24. e4 Qb6 25. Rd2 Rb8 26. b3 a5 27. Bf1 Rb4
28. Bc4 Rxc4 29. Re1 Rb4 30. Qf3 Qc6 31. Rde2 a4 32. Qe3 axb3 33. axb3 Rxb3 34.
Qg5 R3b5 35. e5 dxe5 36. Rxe5 Rxe5 37. Qxe5 Re8 38. Qb2 Nd5 39. Rc1 Qb6 40. Qa1
Qf6 41. Qa4 Rd8 42. Rd1 Kg7 43. Qa5 e6 44. h4 Rc8 45. Qa6 Rc2 46. Rf1 Rb2 47.
Qd3 Nb4 48. Qe3 Ra2 49. g4 Nd5 50. Qg3 Nf4 51. Kh2 Ne2 52. Qg2 Qxh4+ 0-1

[Event "9eme Open International de La Fere"]
[Site "La Fere (FRA)"]
[Date "2010.07.08"]
[Round "7.33"]
[White "Timmermans, Eric"]
[Black "Pruvost, Alain"]
[Result "1-0"]
[WhiteElo "1825"]
[BlackElo "1623"]
[PlyCount "71"]
[EventDate "2010.07.08"]

1. e4 c5 2. Nc3 Qa5 3. d3 b5 4. Bd2 b4 5. Nd5 e6 6. Ne3 Qc7 7. Nh3 Ne7 8. g3
Bb7 9. Bg2 Ng6 10. f4 Ne7 11. O-O g6 12. c3 a5 13. Rc1 Nec6 14. f5 Ba6 15. fxg6
hxg6 16. Qf3 Ne5 17. Qf6 Rg8 18. d4 Be7 19. Qf2 Bxf1 20. Rxf1 cxd4 21. cxd4
Nbc6 22. dxe5 Nxe5 23. Qe2 Qb6 24. Kh1 Rc8 25. b3 Qd4 26. Bc1 Qd3 27. Qxd3 Nxd3
28. Bd2 Bc5 29. Nc4 g5 30. Nxg5 d5 31. exd5 Rd8 32. dxe6 Nf2+ 33. Rxf2 Rxg5 34.
exf7+ Kf8 35. Bxg5 Rd1+ 36. Rf1 1-0

[Event "9eme Open International de La Fere"]
[Site "La Fere (FRA)"]
[Date "2010.07.08"]
[Round "7.34"]
[White "Van Poucke, Anthony"]
[Black "Obert, Julien"]
[Result "1/2-1/2"]
[WhiteElo "1581"]
[BlackElo "1816"]
[PlyCount "56"]
[EventDate "2010.07.08"]

1. e4 c5 2. Nc3 Nc6 3. g3 d6 4. Bg2 g6 5. d3 Bg7 6. Be3 e6 7. f4 Nge7 8. Nf3
O-O 9. O-O b6 10. Qd2 d5 11. Bf2 dxe4 12. dxe4 Qxd2 13. Nxd2 Ba6 14. Rfe1 Bd4
15. Bxd4 Nxd4 16. Rac1 Rad8 17. Nf3 Nec6 18. Nxd4 Nxd4 19. Kf2 f6 20. Bf1 Bxf1
21. Kxf1 Nf3 22. Re2 Rd7 23. Rf2 Nd4 24. Rd1 Rfd8 25. Rfd2 Kf8 26. Nb5 a6 27.
Nxd4 cxd4 28. c3 e5 1/2-1/2

[Event "9eme Open International de La Fere"]
[Site "La Fere (FRA)"]
[Date "2010.07.08"]
[Round "7.35"]
[White "Casier, Fabrice"]
[Black "Paillard, Maximilien"]
[Result "1/2-1/2"]
[WhiteElo "1802"]
[BlackElo "1578"]
[PlyCount "34"]
[EventDate "2010.07.08"]

1. c4 e5 2. Nc3 Nf6 3. g3 d5 4. cxd5 Nxd5 5. Bg2 Nb6 6. Nf3 Nc6 7. O-O Be6 8.
d3 Be7 9. a3 f6 10. Be3 Qd7 11. Re1 Nd5 12. Nxd5 Bxd5 13. Rc1 O-O 14. Qa4 Be6
15. Nd2 Bd5 16. Nf3 Be6 17. Nd2 Bd5 1/2-1/2

[Event "9eme Open International de La Fere"]
[Site "La Fere (FRA)"]
[Date "2010.07.08"]
[Round "7.36"]
[White "Laufer, Maurice"]
[Black "Biyidi, Thomas"]
[Result "0-1"]
[WhiteElo "1524"]
[BlackElo "1789"]
[PlyCount "100"]
[EventDate "2010.07.08"]

1. f4 e5 2. fxe5 d6 3. Nf3 dxe5 4. e4 Bc5 5. Be2 Bg4 6. d3 Nf6 7. Nc3 Nc6 8.
Na4 Bxf3 9. Bxf3 Qe7 10. Bg5 h6 11. Bd2 O-O-O 12. a3 Nd4 13. b4 Bb6 14. Nxb6+
axb6 15. O-O Rd7 16. c3 Nxf3+ 17. Rxf3 Rhd8 18. Qa4 Kb8 19. Re1 Rxd3 20. Rxd3
Rxd3 21. Re2 Qd6 22. Qc2 Nxe4 23. Be1 f5 24. c4 Qd4+ 25. Kf1 Rd1 26. Qb2 Qxb2
27. Rxb2 Ra1 28. Ke2 Rxa3 29. c5 bxc5 30. bxc5 f4 31. c6 b6 32. Rb5 Nc3+ 33.
Bxc3 Rxc3 34. Rxe5 Rxc6 35. Kf3 Rf6 36. Re4 g5 37. Kg4 Kb7 38. h4 gxh4 39. Kxh4
Ka6 40. Kg4 h5+ 41. Kxh5 f3 42. gxf3 Rxf3 43. Kg4 Rf8 44. Re6 c5 45. Rc6 Kb5
46. Rc7 Kc4 47. Re7 b5 48. Re1 b4 49. Rc1+ Kb3 50. Rc3+ Ka4 0-1

[Event "9eme Open International de La Fere"]
[Site "La Fere (FRA)"]
[Date "2010.07.08"]
[Round "7.37"]
[White "Delias, Gerard"]
[Black "Vernadet, Cyril"]
[Result "0-1"]
[WhiteElo "1512"]
[BlackElo "1750"]
[PlyCount "182"]
[EventDate "2010.07.08"]

1. c4 c5 2. Nf3 Nc6 3. d4 cxd4 4. Nxd4 Qb6 5. e3 e6 6. Nc3 Bb4 7. Ndb5 Nge7 8.
Nd6+ Bxd6 9. Qxd6 a6 10. Be2 O-O 11. O-O Nf5 12. Qd1 g6 13. a3 Qd8 14. b4 Ng7
15. Bb2 Qe7 16. Ne4 f5 17. Nd6 e5 18. Qd5+ Qe6 19. Rad1 e4 20. c5 Qxd5 21. Rxd5
Ne6 22. Bc4 a5 23. b5 Ncd8 24. a4 Nf7 25. Rfd1 Nxd6 26. Rxd6 Re8 27. Bd5 Kf8
28. Ba1 Kf7 29. c6 dxc6 30. bxc6 Re7 31. c7 Rxc7 32. Rd8 Ke7 33. Bxe6 Kxe6 34.
Re8+ Kf7 35. Rh8 Ke6 36. g3 Ra6 37. Re8+ Kf7 38. Rh8 Ke6 39. Bb2 Rb6 40. Ba3
Rbc6 41. Kg2 Rd7 42. Rxd7 Kxd7 43. Rxh7+ Ke8 44. Re7+ Kd8 45. Rg7 Bd7 46. Be7+
Kc7 47. Rg8 Rc4 48. Bd8+ Kc6 49. Rxg6+ Kd5 50. Bxa5 Bxa4 51. Rg5 Ke6 52. Rg6+
Kf7 53. Rb6 Bc6 54. Bb4 Rc1 55. Ba3 Ra1 56. Bb2 Rb1 57. Bd4 Rd1 58. h3 Kg6 59.
Be5 Kh7 60. Rb3 Kg8 61. Rd3 Bb5 62. Rb3 Bd3 63. Rb2 b5 64. Bc3 Bf1+ 65. Kh2 Bc4
66. Bb4 Kf7 67. g4 fxg4 68. hxg4 Kg6 69. Kg3 Rd7 70. f3 exf3 71. Kxf3 Kg5 72.
Rd2 Rf7+ 73. Kg3 Rf1 74. Be7+ Kg6 75. g5 Rh1 76. Bf6 Re1 77. Kf3 Rf1+ 78. Ke4
Rh1 79. Kd4 Rh7 80. e4 Rh4 81. Rd1 Be6 82. Ke5 Bc4 83. Re1 Rh7 84. Kd4 Rb7 85.
e5 Be6 86. Kc3 b4+ 87. Kb2 Rh7 88. Re2 Ra7 89. Kc1 Ra1+ 90. Kd2 Ra2+ 91. Kd1
Bg4 0-1

[Event "9eme Open International de La Fere"]
[Site "La Fere (FRA)"]
[Date "2010.07.08"]
[Round "7.39"]
[White "Pottier, Philippe"]
[Black "Tivol, Thierry"]
[Result "0-1"]
[WhiteElo "1480"]
[BlackElo "1740"]
[PlyCount "132"]
[EventDate "2010.07.08"]

1. f4 c6 2. Nf3 d5 3. e3 Nf6 4. b3 Bf5 5. Ne5 Nbd7 6. Bb2 Nxe5 7. fxe5 Ne4 8.
d3 Nc5 9. Nd2 e6 10. Be2 Qg5 11. Kf2 Qh4+ 12. g3 Qd8 13. Bf3 Qc7 14. Qe2 Nd7
15. e4 dxe4 16. dxe4 Bc5+ 17. Kg2 Bg6 18. Nc4 h5 19. Nd6+ Bxd6 20. exd6 Qxd6
21. Bxg7 Rg8 22. e5 Qc5 23. Bf6 Nxf6 24. exf6 O-O-O 25. h4 Qa5 26. Rhd1 Rxd1
27. Rxd1 Qxa2 28. Qd2 Qxc2 29. Qxc2 Bxc2 30. Rc1 Bg6 31. Rc5 Rh8 32. Rg5 Kc7
33. Kh3 Kd6 34. g4 hxg4+ 35. Bxg4 e5 36. h5 Bc2 37. b4 Bb3 38. Kh4 Be6 39. Bf3
Rh6 40. Bg4 Rxf6 41. Bxe6 Kxe6 42. Rg7 Rh6 43. Kg5 Rh8 44. h6 e4 45. h7 Ke7 46.
Kh6 Kf6 47. Rg8 Rxh7+ 48. Kxh7 Ke5 49. Kg7 f5 50. Kf7 e3 51. Re8+ Kd4 52. Kf6
f4 53. Kf5 f3 54. Rd8+ Kc3 55. Ke4 f2 56. Rf8 Kd2 57. Rf3 b6 58. Rf5 Ke2 59.
Rf3 f1=Q 60. Rxf1 Kxf1 61. Kxe3 Ke1 62. Kd3 Kf2 63. Kd2 Kf3 64. Kd3 Kf4 65. Kd4
Kf5 66. Kc4 Ke5 0-1

[Event "9eme Open International de La Fere"]
[Site "La Fere (FRA)"]
[Date "2010.??.??"]
[Round "7.40"]
[White "Oziol, Joris"]
[Black "Devaux, Jean-Marc"]
[Result "1-0"]
[WhiteElo "1730"]
[BlackElo "1560"]
[PlyCount "79"]
[EventDate "2010.07.08"]

1. c4 e6 2. Nc3 Nf6 3. Nf3 b6 4. g3 Bb7 5. Bg2 Be7 6. O-O c5 7. b3 Nc6 8. Bb2
O-O 9. e3 a6 10. d4 cxd4 11. exd4 Qc7 12. Re1 Rfe8 13. Ne5 d6 14. Nxc6 Bxc6 15.
d5 exd5 16. Nxd5 Nxd5 17. cxd5 Bd7 18. Qd3 Qd8 19. Be4 h6 20. Qf3 f5 21. Bxf5
Rf8 22. Bh7+ Kxh7 23. Qe4+ Kg8 24. Qxe7 Rf7 25. Qxd6 Rc8 26. Rac1 Rxc1 27. Rxc1
Qe8 28. Be5 Re7 29. f4 Kh7 30. Rc7 g5 31. Qxb6 gxf4 32. gxf4 Qg8+ 33. Kf2 Qxd5
34. Qd6 Qf7 35. Qf6 Qe8 36. Rb7 Rf7 37. Qd6 Qe7 38. Qxe7 Rxe7 39. a4 Kg6 40.
Ra7 1-0

[Event "9eme Open International de La Fere"]
[Site "La Fere (FRA)"]
[Date "2010.??.??"]
[Round "7.41"]
[White "Gosset, Hugo"]
[Black "Van Poucke, Philippe"]
[Result "0-1"]
[WhiteElo "1400"]
[BlackElo "1730"]
[PlyCount "72"]
[EventDate "2010.07.08"]

1. e4 c5 2. Nc3 Nc6 3. Nf3 a6 4. Bc4 d6 5. O-O Bg4 6. h3 Bh5 7. b3 e6 8. Bb2
Be7 9. Re1 b5 10. Be2 Bf6 11. Qc1 Nge7 12. a4 b4 13. Nd1 Bxb2 14. Qxb2 O-O 15.
d4 Bxf3 16. Bxf3 cxd4 17. Qc1 e5 18. Nb2 Na5 19. Qd2 Nac6 20. Nc4 f5 21. exf5
Rxf5 22. Be4 Rf6 23. Bf3 Qc7 24. Qg5 Raf8 25. Qh5 Na5 26. Nxa5 Qxa5 27. Re4 Qc5
28. Rc1 Ng6 29. Ree1 Rf5 30. Qg4 d5 31. Rf1 e4 32. Be2 a5 33. f3 d3+ 34. Kh1
dxe2 35. Rfe1 Qe3 36. Kh2 exf3 0-1

[Event "9eme Open International de La Fere"]
[Site "La Fere (FRA)"]
[Date "2010.??.??"]
[Round "7.42"]
[White "Durot, Edwige"]
[Black "Perche, Louis"]
[Result "1-0"]
[WhiteElo "1721"]
[BlackElo "1545"]
[PlyCount "63"]
[EventDate "2010.07.08"]

1. e4 c6 2. d4 d5 3. Nd2 dxe4 4. Nxe4 Bf5 5. Ng3 Bg6 6. Nf3 Nd7 7. Bd3 Bxd3 8.
Qxd3 Ngf6 9. O-O e6 10. Re1 Be7 11. h3 O-O 12. c3 Nb6 13. Qc2 Qc7 14. Ne4 Nxe4
15. Qxe4 Nd5 16. Ne5 Nf6 17. Qf3 Bd6 18. Qg3 Kh8 19. Bf4 Rad8 20. Nd3 Bxf4 21.
Nxf4 Nd5 22. Nh5 Qxg3 23. Nxg3 b5 24. a3 a5 25. Ne2 Rfe8 26. Kf1 e5 27. dxe5
Rxe5 28. Nd4 Rxe1+ 29. Rxe1 h6 30. Nxc6 Ra8 31. Re5 Nc7 32. Re7 1-0

[Event "9eme Open International de La Fere"]
[Site "La Fere (FRA)"]
[Date "2010.??.??"]
[Round "7.43"]
[White "Degraeve, Remy"]
[Black "Huyet, Yannick"]
[Result "0-1"]
[WhiteElo "1320"]
[BlackElo "1700"]
[PlyCount "90"]
[EventDate "2010.07.08"]

1. e4 e6 2. d4 d5 3. e5 c5 4. Nf3 Nc6 5. Bd3 Qb6 6. O-O Bd7 7. Bf4 Qxb2 8. Nbd2
Qb6 9. Rb1 Qc7 10. Re1 cxd4 11. Nb3 Bb4 12. Re2 h6 13. h4 Bc3 14. Bb5 Nge7 15.
Bxc6 Nxc6 16. Nbxd4 Nxd4 17. Nxd4 O-O 18. Rb3 Ba5 19. Rg3 Kh8 20. Ree3 Qc4 21.
Qg4 Rg8 22. Bxh6 g6 23. Qf4 Be8 24. Qf6+ Kh7 25. Bf4 Bd8 26. Nb3 Bxf6 27. exf6
Qxf4 28. Ref3 Qe4 29. h5 gxh5 30. Rxg8 Kxg8 31. Rg3+ Kh8 32. Nc5 Qe1+ 33. Kh2
Qxf2 34. Nd3 Qxf6 35. Rh3 Qg5 36. Nf2 f5 37. Rg3 Qf4 38. Nd3 Qc4 39. Ne1 Bf7
40. Rh3 Rg8 41. Rd3 Qh4+ 42. Rh3 Qxe1 43. Rb3 Qf2 44. Kh3 Qxg2+ 45. Kh4 Qg4#
0-1

[Event "9eme Open International de La Fere"]
[Site "La Fere (FRA)"]
[Date "2010.07.08"]
[Round "7.45"]
[White "Gaubert, Virginie"]
[Black "Paris, Pierre-Julien"]
[Result "1-0"]
[WhiteElo "1674"]
[BlackElo "1400"]
[PlyCount "51"]
[EventDate "2010.07.08"]

1. c4 e5 2. Nc3 Nf6 3. g3 Bc5 4. Bg2 d6 5. Nf3 Be6 6. d3 Nbd7 7. O-O Qe7 8. Ng5
c6 9. Nxe6 Qxe6 10. Bd2 Nb6 11. a3 a5 12. Rb1 d5 13. cxd5 cxd5 14. Bg5 Nbd7 15.
Qb3 d4 16. Qxe6+ fxe6 17. Nb5 Rb8 18. Rfc1 O-O 19. Nc7 Kf7 20. Bh3 h6 21. Bxf6
gxf6 22. Nxe6 Rfc8 23. Nxc5 Nxc5 24. Bxc8 Rxc8 25. b4 axb4 26. axb4 1-0

[Event "9eme Open International de La Fere"]
[Site "La Fere (FRA)"]
[Date "2010.??.??"]
[Round "7.46"]
[White "Louis, Andre"]
[Black "Meuriot, Philippe"]
[Result "0-1"]
[WhiteElo "1853"]
[BlackElo "1561"]
[PlyCount "56"]
[EventDate "2010.07.08"]

1. e4 e6 2. d4 d5 3. e5 c5 4. c3 Qb6 5. a3 Nc6 6. Nf3 Nge7 7. b4 cxd4 8. cxd4
Nf5 9. Bb2 Bd7 10. Be2 Be7 11. O-O O-O 12. Qd2 Rac8 13. Rd1 Qc7 14. g4 Nh4 15.
Nxh4 Bxh4 16. g5 f6 17. exf6 gxf6 18. gxf6 Rxf6 19. f3 Kh8 20. Nc3 Rg8+ 21. Kh1
Bg5 22. Qe1 Be3 23. Qh4 Rh6 24. Qxh6 Bxh6 25. Rg1 Be3 26. Rxg8+ Kxg8 27. Nb5
Qf4 28. Rd1 Be8 0-1

[Event "9eme Open International de La Fere"]
[Site "La Fere (FRA)"]
[Date "2010.??.??"]
[Round "7.47"]
[White "De Brouwere, Johan"]
[Black "Calonne, Pascal"]
[Result "1-0"]
[WhiteElo "1835"]
[BlackElo "1559"]
[PlyCount "83"]
[EventDate "2010.07.08"]

1. d4 Nf6 2. Nf3 g6 3. g3 Bg7 4. Bg2 c5 5. O-O cxd4 6. Nxd4 d5 7. c4 O-O 8.
cxd5 Nxd5 9. Nb5 e6 10. e4 a6 11. exd5 axb5 12. dxe6 Qxd1 13. exf7+ Rxf7 14.
Rxd1 Nc6 15. Bd5 Bh3 16. Nc3 Kf8 17. Bxf7 Kxf7 18. Ne4 Kg8 19. Be3 Ne5 20. Rac1
Nc4 21. Bd4 Rd8 22. Bxg7 Rxd1+ 23. Rxd1 Kxg7 24. b3 Ne5 25. Nd2 Bg4 26. Re1
Nf3+ 27. Nxf3 Bxf3 28. b4 Kf6 29. Re3 Bd5 30. a3 Kf5 31. f3 h5 32. h4 Bc6 33.
Kf2 g5 34. hxg5 Kxg5 35. Re5+ Kg6 36. Re6+ Kf5 37. Rxc6 bxc6 38. Ke3 Ke5 39.
f4+ Kd5 40. Kd3 c5 41. bxc5 Kxc5 42. Ke4 1-0

[Event "9eme Open International de La Fere"]
[Site "La Fere (FRA)"]
[Date "2010.??.??"]
[Round "7.48"]
[White "Degraeve, Thomas"]
[Black "Jean, Robert"]
[Result "0-1"]
[WhiteElo "1540"]
[BlackElo "1832"]
[PlyCount "56"]
[EventDate "2010.07.08"]

1. d4 Nf6 2. Nf3 g6 3. Bg5 Bg7 4. e3 d6 5. Bc4 O-O 6. O-O Nbd7 7. Nc3 c6 8. d5
Nb6 9. Bb3 cxd5 10. Nxd5 Nbxd5 11. Bxd5 Nxd5 12. Qxd5 Bxb2 13. Rab1 Bg7 14. Qe4
Re8 15. Qh4 Rb8 16. Bh6 Qc7 17. Rfc1 Qc3 18. Rb3 Qa5 19. Bxg7 Kxg7 20. Rb2 Qc5
21. Qd4+ Qxd4 22. Nxd4 Bd7 23. Rcb1 b6 24. Nb5 Bxb5 25. Rxb5 Rec8 26. Rc1 Rc5
27. c4 Rbc8 28. Rxc5 Rxc5 0-1

[Event "9eme Open International de La Fere"]
[Site "La Fere (FRA)"]
[Date "2010.??.??"]
[Round "7.49"]
[White "Bouguettouche, Didier"]
[Black "Van Foreest, Jorden"]
[Result "0-1"]
[WhiteElo "1380"]
[BlackElo "1819"]
[PlyCount "54"]
[EventDate "2010.07.08"]

1. e4 c5 2. Nf3 d6 3. Nc3 Nf6 4. h3 e6 5. Ng5 Be7 6. Nf3 O-O 7. d3 d5 8. exd5
exd5 9. Be2 Nc6 10. Bf4 d4 11. Ne4 Nd5 12. Bh2 f5 13. Ned2 Bd6 14. Bxd6 Qxd6
15. O-O Nf4 16. c4 Re8 17. Re1 Qg6 18. Nh4 Nxh3+ 19. Kh2 Qh6 20. Kxh3 g5 21.
Bh5 Rxe1 22. Qxe1 Qxh5 23. g3 gxh4 24. gxh4 f4+ 25. Kg2 Qxh4 26. Qe8+ Kg7 27.
Rh1 Bh3+ 0-1

[Event "9eme Open International de La Fere"]
[Site "La Fere (FRA)"]
[Date "2010.??.??"]
[Round "7.50"]
[White "Guille, Nicolas"]
[Black "Duquenne, Eddy"]
[Result "0-1"]
[WhiteElo "1775"]
[BlackElo "1520"]
[PlyCount "78"]
[EventDate "2010.07.08"]

1. e4 c5 2. Nf3 d6 3. d4 cxd4 4. Nxd4 Nc6 5. Bb5 Bd7 6. O-O g6 7. Nxc6 bxc6 8.
Bc4 Bg7 9. c3 Nf6 10. Re1 Qc7 11. Bf4 Ng4 12. Qf3 O-O 13. Qg3 Rab8 14. Bb3 Qa5
15. Nd2 Ne5 16. Rad1 c5 17. Bxe5 Bxe5 18. f4 Bg7 19. Nc4 Qc7 20. e5 d5 21. Rxd5
Be6 22. Rd3 a5 23. a4 Rxb3 24. Nd2 Rxb2 25. Nf3 Bf5 26. Rdd1 c4 27. h4 Qc6 28.
Nd4 Qb6 29. Kh2 Bd3 30. h5 gxh5 31. Qg5 Qg6 32. Nf3 Rb6 33. Rg1 Bh6 34. Qxe7
Bxf4+ 35. Kh1 Be3 36. Nh4 Qe6 37. Nf5 Qxf5 38. g4 Be4+ 39. Rg2 Bxg2+ 0-1

[Event "9eme Open International de La Fere"]
[Site "La Fere (FRA)"]
[Date "2010.??.??"]
[Round "7.51"]
[White "Van Foreest, Lucas"]
[Black "Van Poucke, Guy"]
[Result "1-0"]
[WhiteElo "1641"]
[BlackElo "1450"]
[PlyCount "51"]
[EventDate "2010.07.08"]

1. d4 Nf6 2. c4 g6 3. Nf3 Bg7 4. g3 d6 5. Bg2 O-O 6. O-O Nc6 7. b3 Re8 8. e3
Bg4 9. Nc3 Qd7 10. Re1 Bh3 11. Bh1 e5 12. dxe5 Nxe5 13. Nxe5 Rxe5 14. Bxb7 Rae8
15. Qf3 Qd8 16. Bb2 Bg4 17. Qg2 h5 18. Rac1 h4 19. Nd5 Rg5 20. Bxf6 Bxf6 21. f4
Rh5 22. h3 Bf5 23. g4 Be4 24. Nxf6+ Kg7 25. Nxe8+ Qxe8 26. Qxe4 1-0

[Event "9eme Open International de La Fere"]
[Site "La Fere (FRA)"]
[Date "2010.??.??"]
[Round "7.52"]
[White "Herman, Jose"]
[Black "Agneray, Camille"]
[Result "1-0"]
[WhiteElo "1640"]
[BlackElo "1420"]
[PlyCount "129"]
[EventDate "2010.07.08"]

1. d4 c6 2. Nf3 d5 3. c4 Nf6 4. Nc3 Bf5 5. Qb3 Qb6 6. Qxb6 axb6 7. cxd5 Nxd5 8.
Nxd5 cxd5 9. a3 Nd7 10. Bf4 Rc8 11. e3 g6 12. Bb5 Bg7 13. O-O O-O 14. Rac1 Nf6
15. h3 Ne4 16. g4 Be6 17. Kg2 h6 18. Rc7 Rxc7 19. Bxc7 Nd6 20. Bd3 Nc8 21. Ne5
Kh7 22. f4 f5 23. Kg3 Rf6 24. Nf3 fxg4 25. hxg4 Bd7 26. Be5 Rf7 27. Rc1 Bc6 28.
Bxg7 Kxg7 29. Ne5 Rf6 30. b4 b5 31. Bxb5 Bxb5 32. Rxc8 b6 33. Rc7 Kf8 34. Rc8+
Kg7 35. Kf2 g5 36. f5 h5 37. gxh5 Rxf5+ 38. Kg3 Be2 39. Rc7 Bxh5 40. Rxe7+ Kf6
41. Rb7 Rf1 42. Rxb6+ Kf5 43. a4 Ke4 44. Rh6 Be2 45. b5 Kxe3 46. Rh2 Rg1+ 47.
Rg2 Rxg2+ 48. Kxg2 Kxd4 49. Nd7 Kc3 50. Nc5 Kb4 51. b6 Kxc5 52. b7 Kd4 53. b8=Q
Bd3 54. Qb4+ Bc4 55. Qd2+ Bd3 56. Qxg5 Be4+ 57. Kf1 Kc5 58. Qd8 Kc4 59. Ke1 Kc5
60. a5 d4 61. Qb6+ Kc4 62. Kd2 Kd5 63. a6 Kc4 64. a7 d3 65. Qb8 1-0

[Event "9eme Open International de La Fere"]
[Site "La Fere (FRA)"]
[Date "2010.??.??"]
[Round "7.53"]
[White "Remy, Camille"]
[Black "Tawegoum, Ivan"]
[Result "0-1"]
[WhiteElo "1360"]
[BlackElo "1601"]
[PlyCount "42"]
[EventDate "2010.07.08"]

1. e4 c5 2. Nc3 e6 3. Nf3 Nf6 4. Bc4 a6 5. d3 d5 6. exd5 Nxd5 7. Bd2 b5 8. Bb3
Bb7 9. O-O Bd6 10. Re1 O-O 11. a3 Qf6 12. Nxd5 exd5 13. Rb1 Nd7 14. c4 d4 15.
cxb5 axb5 16. h3 Qg6 17. Bc2 Ne5 18. Kf1 Nxf3 19. gxf3 Qf5 20. Kg1 Qxh3 21. Bf4
Bxf3 0-1

[Event "9eme Open International de La Fere"]
[Site "La Fere (FRA)"]
[Date "2010.??.??"]
[Round "7.55"]
[White "Roux, Jean-Francois"]
[Black "Nesztler, Lambert"]
[Result "1-0"]
[WhiteElo "1588"]
[BlackElo "1210"]
[PlyCount "45"]
[EventDate "2010.07.08"]

1. d4 e6 2. c4 d5 3. Nc3 Bb4 4. a3 Bxc3+ 5. bxc3 Nf6 6. Bg5 O-O 7. e3 h6 8. Bh4
Nbd7 9. cxd5 exd5 10. Bd3 g6 11. Nf3 c5 12. O-O c4 13. Bc2 Qb6 14. Qc1 Ne4 15.
Nd2 Nxc3 16. Re1 Re8 17. f3 Nf6 18. Bxg6 fxg6 19. Qxc3 Ne4 20. fxe4 dxe4 21.
Qxc4+ Kh7 22. Qf7+ Kh8 23. Bf6+ 1-0

[Event "9eme Open International de La Fere"]
[Site "La Fere (FRA)"]
[Date "2010.07.09"]
[Round "8.2"]
[White "Fomichenko, Eduard"]
[Black "Piankov, Evgenij"]
[Result "1-0"]
[WhiteElo "2458"]
[BlackElo "2324"]
[PlyCount "127"]
[EventDate "2010.??.??"]

1. e4 c6 2. d4 d5 3. Nc3 dxe4 4. Nxe4 Bf5 5. Nc5 b6 6. Nb3 e6 7. Ne2 Nf6 8. Ng3
Bg6 9. Be2 Nbd7 10. O-O Bd6 11. c4 O-O 12. Be3 Qc7 13. Rc1 Rad8 14. Bd3 Bxd3
15. Qxd3 c5 16. Qe2 Bf4 17. Rfd1 Bxe3 18. Qxe3 Qc6 19. h3 Rc8 20. d5 exd5 21.
Nf5 Rce8 22. cxd5 Qa4 23. Ne7+ Kh8 24. d6 Qxa2 25. Qc3 Qa6 26. Nd2 b5 27. Qd3
Rd8 28. Nf3 Qb6 29. Qf5 c4 30. Rd4 Qc5 31. Qf4 Nb6 32. Ne5 Nc8 33. Rcd1 Nb6 34.
Qg5 Nfd7 35. Nf5 g6 36. Nxd7 Nxd7 37. Rd5 Qb4 38. Ne7 Qxb2 39. Rxb5 Qe2 40. Rc1
Qe6 41. Nc6 Rde8 42. Qd2 a6 43. Ra5 Kg7 44. Qd4+ Qf6 45. Qxf6+ Nxf6 46. Rxc4
Re1+ 47. Kh2 Ra8 48. Rd4 Nd7 49. Nb4 f6 50. Rxa6 Rxa6 51. Nxa6 Kf7 52. Nc7 f5
53. Kg3 Rc1 54. Rd2 Rc6 55. f3 Kf6 56. Re2 Kg5 57. h4+ Kh6 58. Ne8 Rc8 59. Re7
Rd8 60. f4 Nf8 61. Kf3 Rd7 62. g4 fxg4+ 63. Kxg4 Rd8 64. Nf6 1-0

[Event "9eme Open International de La Fere"]
[Site "La Fere (FRA)"]
[Date "2010.07.09"]
[Round "8.3"]
[White "Marchyllie, Bruno"]
[Black "Degraeve, Jean-Marc"]
[Result "0-1"]
[WhiteElo "2131"]
[BlackElo "2569"]
[PlyCount "72"]
[EventDate "2010.??.??"]

1. e4 e6 2. Nc3 d5 3. Nf3 Nf6 4. Qe2 Be7 5. d3 O-O 6. g3 c5 7. Bg2 Nc6 8. O-O
a6 9. a4 Nd4 10. Qd1 b6 11. exd5 Nxf3+ 12. Qxf3 Bb7 13. Bg5 Ra7 14. Rfe1 Nxd5
15. Bxe7 Nxe7 16. Qg4 Bxg2 17. Kxg2 Nc6 18. Nd1 Nd4 19. Rc1 f5 20. Qf4 g5 21.
Qe3 g4 22. Rf1 Qa8+ 23. f3 Nxf3 24. Rxf3 e5 25. Nc3 Qxf3+ 26. Qxf3 gxf3+ 27.
Kxf3 Kf7 28. Nd5 b5 29. a5 Ke6 30. c4 bxc4 31. dxc4 Rb7 32. Nb6 Rd8 33. Ke3 Rd4
34. b4 cxb4 35. c5 Rc7 36. c6 Rd6 0-1